Historia i /
Guardado en:
| Autor Principal: | |
|---|---|
| Formato: | Libro |
| Publicado: |
Buenos Aires :
Conicet,
1995
|
| Series: | Pro Ciencia
|
| Materias: | |
| Etiquetas: |
Agregar Etiqueta
Sin Etiquetas, Sea el primero en etiquetar este registro!
|
| LEADER | 01106nam a22002895a 4500 | ||
|---|---|---|---|
| 001 | CEM.cems009563 | ||
| 008 | 130507s1995##################000#0#####d | ||
| 005 | 20211004173159.0 | ||
| 003 | CEMS | ||
| 245 | 1 | 0 | |a Historia i / |c Dirección de Hebe Carmen Pelosi |
| 260 | |a Buenos Aires : |b Conicet, |c 1995 | ||
| 300 | |a 342 p. | ||
| 490 | 0 | |a Pro Ciencia | |
| 500 | |a Red Federal de Formación Docente Continua | ||
| 505 | 0 | |a La romanización de España / Hebe Carmen Pelosi -- La España visgoda y cristiana / Raquel Homet -- Las culturas indígenas / Susana T. Basilico de Valter | |
| 020 | |a 9506870209 | ||
| 100 | 1 | |a Pelosi, Hebe Carmen | |
| 082 | 0 | 4 | |a 930 |
| 653 | |a Historia | ||
| 653 | |a Culturas precolombinas | ||
| 653 | |a España cristiana | ||
| 653 | |a España visigoza | ||
| 653 | |a España-romanización | ||
| 859 | |a CEMS |b BIB. CEMS - Agricultura |h 980 |i P66 |p A19693.98 |t Ej.1 | ||
| 859 | |a CEMS |b BIB. CEMS - 11 de abril |h 930 |i P363 |p 19369.97 |t Ej.1 |v I |3 I | ||
| 859 | |a CEMS |b BIB. CEMS - 11 de abril |h 930 |i P363 |p 19370.97 |t Ej.2 |v I |3 I | ||
| 859 | |a CEMS |b BIB. CEMS - 11 de abril |h 930 |i P363 |p 19371.97 |t Ej.3 |v I |3 I | ||
